000 00807nas a2200277 4500
001 BR0000140
003 BR-BrBNA
005 20231205101620.0
007 ta
008 230509b bl.|||p| |||| 00| 00por d
040 _aBR-BrBNA
_bpor
_cBiblioteca Nacional de Agricultura
041 _a(Pt)
072 _aL74
100 1 _aTokarnia, C.H.
100 1 _aPeixoto, P.V.
100 1 _aBrito, M.F.
100 1 _aDuarte, M.D.
100 1 _aBrust, L.A.C.
245 1 _aEstudos experimentais com plantas cianogenicas em bovinos
650 _aBovino
650 _aPlanta Toxica
650 _aIntoxicacao Animal
773 0 _tPesquisa Veterinaria Brasileira (Brazil)
_xISSN 00100-736X
_g(Apr-Jun 1999), v. 19(2) p. 84-90
_wBR0000140
909 _a202311
_bLúcia
_c55
_dLúcia Elande
942 _2AGRIS
_n0
_cANA
999 _c162853
_d162853